[Event "27th Open"]
[Site "Cappelle la Grande FRA"]
[Date "2011.03.02"]
[Round "6.79"]
[White "Duijker,R"]
[Black "Feryn,B"]
[Result "1-0"]
[WhiteElo "2295"]
[BlackElo "2025"]

1.d4 Nf6 2.Bg5 d5 3.Bxf6 exf6 4.e3 Bd6 5.g3 c6 6.Bg2 Qb6 7.Qc1 Bg4 8.Nd2 O-O
9.Ngf3 Qa6 10.c4 dxc4 11.Qxc4 Qxc4 12.Nxc4 Bb4+ 13.Ke2 Nd7 14.Rhc1 a5 15.a3 Be7
16.h3 Be6 17.Ne1 Rfc8 18.Nd3 Ra6 19.Nd2 Nb6 20.Ne4 Bd5 21.Bf3 Bc4 22.Kd2 Bd5
23.Nf4 Nc4+ 24.Ke1 Rb6 25.Nxd5 cxd5 26.Nd2 Rd8 27.Nxc4 dxc4 28.Rab1 Rc8 29.Bd5 c3
30.bxc3 Rxc3 31.Rxb6 Rxc1+ 32.Kd2 Rc7 33.a4 Bb4+ 34.Kd1 Kf8 35.Bxb7 Ke7 36.Bd5 g6
37.Bc6 Ra7 38.g4 Bd6 39.Rb5 Rc7 40.d5 Bb4 41.Rb8 f5 42.gxf5 Kf6 43.fxg6 hxg6
44.Ke2 Ke5 45.f4+ Kd6 46.e4 Kc5 47.Kd3  1-0

[Event "ch-Subotica Open 2011"]
[Site "Subotica SRB"]
[Date "2011.03.07"]
[Round "7"]
[White "Mladenovic,Sasa G"]
[Black "Juhasz,Je"]
[Result "1-0"]
[WhiteElo "2054"]
[BlackElo "1990"]

1.d4 d5 2.Bg5 Nf6 3.Nc3 c6 4.Qd3 Nbd7 5.Nf3 Qb6 6.O-O-O e6 7.h3 Bd6 8.e4 dxe4
9.Nxe4 Be7 10.Bf4 Nxe4 11.Qxe4 Nf6 12.Qe5 O-O 13.Bc4 a5 14.g4 Qb4 15.Bd3 a4
16.Bd2 Qd6 17.g5 Nh5 18.Qe4 g6 19.Ne5 Qd5 20.c4 Qxe4 21.Bxe4 Rd8 22.Be3 Bd6
23.Rhg1 Bd7 24.f4 Be8 25.Bf3 Ng7 26.h4 Nf5 27.Bf2 Bxe5 28.dxe5 Rdc8 29.Kb1 Rab8
30.h5 gxh5 31.Bxh5 c5 32.Bg4 Ne7 33.Rd3 b6 34.Bf3 Nc6 35.Be4 Ne7 36.Rh3 Ng6
37.Rgh1 Nxf4 38.Rxh7 Kf8 39.g6 fxg6 40.Rh8+  1-0

[Event "ch-SRB"]
[Site "Kragujevac SRB"]
[Date "2011.03.08"]
[Round "8"]
[White "Miladinovic,I"]
[Black "Damljanovic,B"]
[Result "1/2-1/2"]
[WhiteElo "2556"]
[BlackElo "2555"]

1.d4 Nf6 2.Bg5 d5 3.Bxf6 exf6 4.e3 c6 5.c4 dxc4 6.Bxc4 Bd6 7.Nc3 O-O 8.Nf3 f5
9.Qc2 Nd7 10.Bd3 g6 11.h4 Nf6  1/2-1/2

[Event "49th TCh-DEN XtraCon 2010-11"]
[Site "Denmark DEN"]
[Date "2011.03.12"]
[Round "8.4"]
[White "Bank,P"]
[Black "Nielsen,Thom2"]
[Result "1-0"]
[WhiteElo "2245"]
[BlackElo "2227"]

1.d4 Nf6 2.Bg5 c5 3.d5 Qb6 4.Nc3 Qxb2 5.Bd2 Qb6 6.e4 d6 7.f4 Nbd7 8.Nf3 e5
9.dxe6 fxe6 10.Ng5 e5 11.Rb1 Qc7 12.Ne6 Qb8 13.f5 Nb6 14.Bb5+ Ke7 15.a4 Bxe6
16.fxe6 Kxe6 17.a5 Nbd7 18.Bg5 Qd8 19.Qg4+ Kf7 20.O-O Nb8 21.Bc4+ Ke8 22.Bxf6 gxf6
23.Rxb7  1-0

[Event "TCh-SWE Elitserien 2010-11"]
[Site "Sweden SWE"]
[Date "2011.03.12"]
[Round "10"]
[White "Schneider,Stef"]
[Black "Volodin,Alek"]
[Result "0-1"]
[WhiteElo "2360"]
[BlackElo "2433"]

1.d4 Nf6 2.Bg5 d5 3.e3 c5 4.Bxf6 gxf6 5.Nc3 Nc6 6.Qh5 e6 7.O-O-O Bd7 8.e4 dxe4
9.d5 exd5 10.Nxd5 Bg7 11.Ne3 O-O 12.Ne2 Qc7 13.Qxc5 Rfd8 14.Ng3 f5 15.Ngxf5 Bxf5
16.Rxd8+ Rxd8 17.Qxf5 Nb4 18.Bc4 b5 19.Qxb5 Rb8 20.Qg5 Kh8 21.a3 Nxc2 22.Kxc2 Rxb2+
23.Kc1 Qb6 24.Rd1 Bf6 25.Qd5 Rxf2 26.Qa8+ Kg7  0-1

[Event "ch-Moscow S/F 2011"]
[Site "Moscow RUS"]
[Date "2011.03.13"]
[Round "1"]
[White "Rossal,V"]
[Black "Gavrilov,Al1"]
[Result "0-1"]
[WhiteElo "2047"]
[BlackElo "2486"]

1.d4 d5 2.Bg5 Nf6 3.Nd2 g6 4.Bxf6 exf6 5.e3 c6 6.c4 dxc4 7.Bxc4 Bd6 8.h4 h5
9.Ne2 O-O 10.Ne4 Bc7 11.N2g3 Qe7 12.O-O Nd7 13.Qd3 Kg7 14.Nc3 f5 15.e4 f4
16.Nge2 Qxh4 17.e5 f3 18.Qxf3 Nxe5 19.dxe5 Bxe5 20.Ng3 Qxc4 21.Rfe1 Bg4 22.Qe3 Rfe8  0-1

[Event "V Tancat IM"]
[Site "Sabadell ESP"]
[Date "2011.03.18"]
[Round "7"]
[White "Rojas Keim,L"]
[Black "Gonzalez,RO"]
[Result "0-1"]
[WhiteElo "2432"]
[BlackElo "2232"]

1.d4 Nf6 2.Bg5 d5 3.Bxf6 gxf6 4.e3 c5 5.Nc3 e6 6.Qh5 cxd4 7.exd4 Nc6 8.O-O-O Bd7
9.Nge2 Bd6 10.Kb1 Qb6 11.g3 Na5 12.Nc1 Rc8 13.Qf3 f5 14.Nb3 Nc4 15.Bxc4 dxc4
16.Nc1 Kd8 17.Ka1 Qa6 18.d5 e5 19.g4 fxg4 20.Qxf7 Kc7 21.Ne4 h5 22.Nf6 Qb5
23.Ne2 Rhf8 24.Qg6 Rxf6 25.Qxf6 Rf8 26.Qh4 Rf3 27.Nc3 Qa5 28.Kb1 Rxc3 29.bxc3 Ba3
30.h3 Bd6 31.Qg3 Qxc3  0-1

[Event "e2e4 Uxbridge Open"]
[Site "Denham ENG"]
[Date "2011.03.19"]
[Round "2"]
[White "Taylor,Mart"]
[Black "Buyandalai,Tumen"]
[Result "1-0"]
[WhiteElo "2321"]
[BlackElo "2059"]

1.d4 Nf6 2.Bg5 g6 3.Bxf6 exf6 4.c4 f5 5.Nc3 Bg7 6.e3 d6 7.g3 O-O 8.Bg2 c6
9.Nge2 Nd7 10.O-O Nf6 11.b4 d5 12.cxd5 cxd5 13.Nf4 Be6 14.Rc1 Rc8 15.Ncxd5 Nxd5
16.Rxc8 Qxc8 17.Bxd5 Bxd5 18.Nxd5 Qc4 19.Qb3 Qxb3 20.Ne7+ Kh8 21.axb3 Re8
22.Rc1 Bxd4 23.Rc7 Bb6 24.Rxb7 Kg7 25.Nc6 Re4 26.b5 g5 27.Nxa7 Bxa7 28.b6 Bxb6
29.Rxb6 h5 30.Kg2 f4 31.exf4 gxf4 32.Kf3 fxg3 33.hxg3 Rd4 34.Ke3 Rg4 35.b4 h4
36.gxh4 Rxh4 37.Rb8 Kf6 38.b5 Rb4 39.b6 Kf5 40.Kd3 Kf4 41.Kc3 Rb1 42.Kd4 Rb2
43.Kc5 Rxf2 44.Rf8 Ke5 45.Re8+ Kf4 46.b7 Rb2 47.b8=Q+ Rxb8 48.Rxb8  1-0

[Event "e2e4 Uxbridge Open"]
[Site "Denham ENG"]
[Date "2011.03.19"]
[Round "3"]
[White "Shepley,J"]
[Black "Castruccio Alvarez,Angelo"]
[Result "1-0"]
[WhiteElo "2043"]
[BlackElo "1966"]

1.d4 Nf6 2.Bg5 c5 3.d5 Ne4 4.Bf4 Qb6 5.Bc1 e6 6.f3 Nf6 7.c4 exd5 8.cxd5 d6
9.e4 Be7 10.Ne2 O-O 11.Nd2 Qc7 12.Nc3 a6 13.a4 Nh5 14.Nc4 Bh4+ 15.g3 Nxg3
16.hxg3 Bxg3+ 17.Kd2 f5 18.Kc2 fxe4 19.fxe4 Rf2+ 20.Kb1 Nd7 21.Qg4 Be5 22.Qh4  1-0

[Event "ch-NCA 2011"]
[Site "Managua NCA"]
[Date "2011.03.19"]
[Round "7.4"]
[White "Picado,J"]
[Black "Madrigal,M"]
[Result "1/2-1/2"]
[WhiteElo "2228"]
[BlackElo "2055"]

1.d4 Nf6 2.Bg5 d5 3.Bxf6 exf6 4.g3 Bd6 5.Bg2 O-O 6.Nf3 Re8 7.O-O Nd7 8.Nbd2 c6
9.c4 dxc4 10.Nxc4 Bf8 11.Qd3 Nb6 12.b3 f5 13.Nxb6 Qxb6 14.Rad1 h6 15.Nh4 Be6
16.e3 Qa5 17.Qc2 Rad8 18.Bf3 g6 19.Ng2 Bd6 20.Rfe1 Bd5 21.e4 fxe4 22.Bxe4 Bxe4
23.Rxe4 Rxe4 24.Qxe4 Qxa2 25.Ne3 Qa5 26.h4 Bf8 27.d5 cxd5 28.Nxd5 Rd6 29.h5 Qd8
30.hxg6 fxg6 31.Kg2 Kh8 32.Rd3 Bg7 33.f4 Qd7 34.Nb4 Rxd3 35.Nxd3 Qd4 36.Qxg6 Qd5+
37.Kh2 Qxb3 38.Qe8+ Qg8 39.Qd7 Qa2+ 40.Kh3 b6 41.f5 Qc4 42.Nf4 Qe4 43.Kg4 a5
44.Qd8+ Kh7 45.Qxb6 h5+ 46.Kg5 Qe7+ 47.Kxh5 Bf6 48.Qxa5 Qg7 49.Ne6 Qxg3 50.Qa7+ Kh8
51.Qf7 Qh4+ 52.Kg6 Qg4+ 53.Kh6 Bg5+ 54.Nxg5 Qxg5+ 55.Kxg5  1/2-1/2

[Event "ch-Moscow S/F 2011"]
[Site "Moscow RUS"]
[Date "2011.03.19"]
[Round "4"]
[White "Pletnev,E"]
[Black "Shubin,Ge"]
[Result "1/2-1/2"]
[WhiteElo "2263"]
[BlackElo "2041"]

1.d4 Nf6 2.Bg5 d5 3.Bxf6 exf6 4.e3 Be6 5.Nd2 Nd7 6.Ne2 Bd6 7.g3 c6 8.Bg2 f5
9.Nf4 Nf6 10.Qe2 Ne4 11.O-O O-O 12.b3 Qf6 13.f3 Nxd2 14.Qxd2 Rfe8 15.c3 Qh6
16.Rae1 Rad8 17.Rf2 Bc7 18.Nd3 b6 19.Qc2 Rc8 20.c4 Bd7 21.f4 Be6 22.Rc1 Qf6
23.Qd1 Bd6 24.c5 Bc7 25.cxb6 Bxb6 26.Nc5 Qe7 27.Qd3 Bd7 28.Re2 g6 29.Kf2 Be6
30.Rec2 Qf6 31.b4 Qe7 32.Qa3 Bxc5 33.Rxc5 Qb7 34.Bf1 Qb6 35.Qa4 Bd7 36.Ra5 Rc7
37.Rcc5 Rb8 38.a3 Kg7 39.Qc2 Rcb7 40.Ra6 Qd8 41.Rca5 Qc7 42.Qc5 Ra8 43.Bd3 Rb6
44.b5 Bc8 45.bxc6 Bxa6 46.Rxa6 Rc8 47.Qxd5 Rxc6 48.Qe5+ Qxe5  1/2-1/2

[Event "TCh-BEL 2010-11"]
[Site "Charleroi BEL"]
[Date "2011.03.20"]
[Round "10.4"]
[White "Marville,G"]
[Black "Sclacmender,J"]
[Result "1/2-1/2"]
[WhiteElo "2103"]
[BlackElo "2223"]

1.d4 Nf6 2.Bg5 c5 3.d5 Qb6 4.Nc3 Qxb2 5.Bd2 Qb6 6.Rb1 Qd8 7.e4 d6 8.f4 a6
9.a4 e6 10.Nf3 Be7 11.Bd3 O-O 12.O-O exd5 13.exd5 Nbd7 14.Ng5 h6 15.Nge4 Nxe4
16.Nxe4 Nf6 17.c4 Nxe4 18.Bxe4 Bf6 19.Qh5 Bd4+ 20.Kh1 f5 21.Bc2 Rb8 22.Rfe1 Bd7
23.Qg6 Qf6 24.Qxf6 Bxf6 25.Rb6 Rfe8 26.Rxd6 Rxe1+ 27.Bxe1 Re8 28.Ba5 Bc8
29.h3 Re2 30.Bd3 Re3 31.Bd8 Bd4 32.Bb6 Bf6 33.Bd8 Bd4 34.Bb6 Bf6  1/2-1/2

[Event "Angora Int 2011"]
[Site "Ankara TUR"]
[Date "2011.03.21"]
[Round "2"]
[White "Mirzoev,A"]
[Black "Dastan,B"]
[Result "1-0"]
[WhiteElo "2571"]
[BlackElo "2169"]

1.d4 Nf6 2.Bg5 d5 3.Bxf6 exf6 4.e3 Bd6 5.c4 dxc4 6.Bxc4 O-O 7.Nc3 g6 8.Nf3 Nd7
9.O-O f5 10.Nb5 Be7 11.Qc2 c6 12.Nc3 Bd6 13.a3 Nb6 14.Ba2 Bd7 15.Rfd1 Qe7
16.Rac1 Rac8 17.b4 Be6 18.Bxe6 Qxe6 19.Nd2 Nc4 20.Nxc4 Qxc4 21.Na4 Qxc2 22.Rxc2 Rfd8
23.g3 Kf8 24.Kf1 Ke7 25.Rb1 Rc7 26.Nb2 Ke6 27.Nc4 Kd5 28.Ke2 Be7 29.Kd3 Ke6
30.Na5 Rcd7 31.Ke2 Rc7 32.a4 Rdc8 33.Nc4 b6 34.Rb3 b5 35.Nb2 bxa4 36.Nxa4 Rb8
37.Nc5+ Bxc5 38.Rxc5 Rb5 39.Rbc3 Rxc5 40.Rxc5 Kd6 41.Kd3 Rb7 42.Kc4 Rd7 43.Ra5 Rc7
44.h4 Rd7 45.Ra6 Rb7 46.h5 h6 47.Ra1 Re7 48.Rh1 g5 49.Ra1 f4 50.exf4 gxf4
51.g4 f6 52.Ra6 Rb7 53.Ra5 Rg7 54.f3 Rg5 55.Rxa7 f5 56.Ra5 fxg4 57.Rxg5 hxg5
58.fxg4 Ke6 59.Kd3 Kf7 60.Ke2 Kf6 61.d5  1-0

[Event "ch-VIE Men"]
[Site "Da Lat VIE"]
[Date "2011.03.22"]
[Round "4.5"]
[White "Bui Vinh"]
[Black "Bao Khoa"]
[Result "1-0"]
[WhiteElo "2438"]
[BlackElo "2262"]

1.d4 Nf6 2.Bg5 c5 3.d5 Qb6 4.Nc3 Qxb2 5.Bd2 Qb6 6.e4 d6 7.Rb1 Qc7 8.f4 a6
9.a4 g6 10.Nf3 Bg4 11.h3 Bxf3 12.Qxf3 Bg7 13.Bc4 O-O 14.O-O Kh8 15.Kh1 Nbd7
16.Rb3 Rab8 17.Rfb1 Ng8 18.g4 Rfe8 19.g5 e6 20.h4 Ne7 21.dxe6 fxe6 22.Bxe6 Nc6
23.Nd5 Qd8 24.Qh3 Nf8 25.f5 Nxe6 26.fxe6 Qc8 27.Nf6 Bxf6 28.gxf6 Qxe6 29.Qxe6 Rxe6
30.Rxb7 Rxb7 31.Rxb7 Rxf6 32.Rb6 Nd4 33.e5 Rf1+ 34.Kg2 Rd1 35.Bh6 Kg8 36.Rxd6 Rb1
37.e6 Rb8 38.e7 Re8 39.Rf6  1-0

[Event "Skopje Spring Open 2011"]
[Site "Skopje MKD"]
[Date "2011.03.25"]
[Round "7"]
[White "Ilic,Zo3"]
[Black "Tausanov,M"]
[Result "0-1"]
[WhiteElo "2269"]
[BlackElo "1965"]

1.d4 Nf6 2.Bg5 g6 3.Nd2 Bg7 4.Ngf3 d6 5.c3 Nbd7 6.e3 O-O 7.Bc4 c5 8.O-O Rb8
9.Qe2 a6 10.a4 cxd4 11.cxd4 Nb6 12.Bb3 Bd7 13.e4 Bc6 14.e5 dxe5 15.dxe5 Nfd5
16.Ne4 Qd7 17.Rfe1 Bxa4 18.Nc5 Qb5 19.Bxd5 Qxc5 20.Bxf7+ Rxf7 21.Be3 Qb4
22.Bxb6 Bc6 23.Ba5 Qg4 24.h3 Qf4 25.Ra3 Rbf8 26.Bd2 Bxf3 27.Rxf3 Qd4 28.Bc3 Qb6
29.Qc4 e6 30.Rxf7 Rxf7 31.Bd4 Qa5 32.Qc8+ Bf8 33.Bc3 Qb6 34.Re2 Kg7 35.Qc4 Bc5
36.Qh4 Qb3 37.Kh2 b5  0-1

[Event "ch-VIE Men"]
[Site "Da Lat VIE"]
[Date "2011.03.26"]
[Round "9.7"]
[White "Tu Hoang Thong"]
[Black "Bao Khoa"]
[Result "1/2-1/2"]
[WhiteElo "2447"]
[BlackElo "2262"]

1.d4 Nf6 2.Bg5 c5 3.Bxf6 gxf6 4.d5 Qb6 5.Qc1 f5 6.e3 Rg8 7.Na3 e6 8.Ne2 Bg7
9.c3 a6 10.g3 d6 11.Bg2 Nd7 12.O-O Nf6 13.Rd1 e5 14.Nc4 Qc7 15.a4 h5 16.h4 Bh6
17.a5 Rb8 18.b4 Bd7 19.Nb6 cxb4 20.cxb4 Qxc1 21.Rdxc1 Bb5 22.Nc3 Bd3 23.Rd1 e4
24.Rdc1 Ng4 25.Nd1 Bg7 26.Ra2 Bf6 27.Nb2 Ne5 28.Kh1 Bd8 29.Bh3 Be2 30.N2c4 Bf3+
31.Kh2 Bxb6 32.Nxb6 Bg4 33.Bxg4 fxg4 34.Rc7 Rg6 35.Rac2 Rf6 36.Kg1 Rf5 37.Rc8+ Rxc8
38.Rxc8+ Ke7 39.Rc7+ Kf6 40.Rxb7 Nd3 41.b5 Nxf2 42.Kf1 Nd3+ 43.Ke2 Rf2+ 44.Kd1 axb5
45.a6 Rb2 46.a7  1/2-1/2

[Event "ch-Moscow S/F 2011"]
[Site "Moscow RUS"]
[Date "2011.03.26"]
[Round "8"]
[White "Pletnev,E"]
[Black "Paravyan,D"]
[Result "1/2-1/2"]
[WhiteElo "2263"]
[BlackElo "2123"]

1.d4 Nf6 2.Bg5 d5 3.Bxf6 exf6 4.e3 a6 5.c4 dxc4 6.Bxc4 b5 7.Be2 c5 8.Bf3 Ra7
9.a4 b4 10.d5 c4 11.Ne2 Bd6 12.Nd2 Rc7 13.Rc1 c3 14.bxc3 bxc3 15.Rxc3 Nd7
16.O-O Rxc3 17.Nxc3 Qc7 18.Nde4 Bxh2+ 19.Kh1 Be5 20.d6 Qd8 21.Nd5 f5 22.Nc7+ Kf8
23.Ng3 g6 24.Qd5 Kg7 25.Rd1 Qh4+ 26.Kg1 Qxa4 27.Be2 Qh4 28.Bc4 Qf6 29.f4 Bc3
30.Qc6 Qh4 31.Ne2 Be1 32.g3 Bxg3 33.Qg2 Bb7 34.Nd5 Be1 35.Nd4 Qg3 36.Nxf5+ gxf5
37.Rxe1 Qxg2+ 38.Kxg2 Nb6 39.Kf2 Nxc4 40.Rg1+  1/2-1/2

[Event "Telin International Open"]
[Site "Jakarta INA"]
[Date "2011.04.01"]
[Round "1.5"]
[White "Torre,E"]
[Black "Hasan,B"]
[Result "1-0"]
[WhiteElo "2495"]
[BlackElo "2087"]

1.d4 Nf6 2.Bg5 c5 3.Nc3 cxd4 4.Qxd4 Nc6 5.Qh4 h6 6.O-O-O Qa5 7.Nf3 d6 8.Kb1 Ng4
9.Bc1 Rg8 10.h3 g5 11.Qg3 Nf6 12.Nd4 Bd7 13.e4 a6 14.Qe3 Bg7 15.Nb3 Qc7 16.Be2 Ne5
17.g3 Rc8 18.f4 Nc4 19.Bxc4 Qxc4 20.e5 dxe5 21.fxe5 Nh7 22.Rd4 Qc7 23.Qd3 Nf8
24.Nd5 Qd8 25.Qe3 e6 26.Nf6+ Bxf6 27.exf6 Qxf6 28.Na5 Qf5 29.Qd2 Bc6 30.Nxc6 Rxc6
31.Rd8+ Ke7 32.Rb8 Kf6 33.Rh2 Qb5 34.b3 Kg6 35.Ba3 Qf1+ 36.Bc1 Qb5 37.h4 f6
38.hxg5 hxg5 39.a4 Qc5 40.Rxb7 Rc7 41.Qd3+ f5 42.Qxa6 Rxb7 43.Qxb7 Rg7 44.Qb8 Rf7
45.Qd8 Qe7 46.Qd1 Rh7 47.Rxh7 Qxh7 48.a5 Qc7 49.Qe1 Qc6 50.Qe3 g4 51.Qg5+ Kf7
52.Qh5+ Ng6 53.Bb2 e5 54.Qxf5+ Qf6 55.Qxf6+ Kxf6 56.a6  1-0

[Event "Bocharov Memorial"]
[Site "Borisoglebsk RUS"]
[Date "2011.04.02"]
[Round "5"]
[White "Skvortsov,Andrey"]
[Black "Ajrapetian,N"]
[Result "1-0"]
[WhiteElo "2197"]
[BlackElo "2064"]

1.d4 Nf6 2.Bg5 d5 3.Nd2 Bf5 4.c3 e6 5.Ngf3 Be7 6.e3 O-O 7.Be2 Nbd7 8.O-O b6
9.Nh4 Bg6 10.Nxg6 hxg6 11.e4 e5 12.dxe5 Nxe5 13.f4  1-0

[Event "Telin International Open"]
[Site "Jakarta INA"]
[Date "2011.04.03"]
[Round "4.8"]
[White "Tedy,S"]
[Black "Irwanto,S"]
[Result "0-1"]
[WhiteElo "2257"]
[BlackElo "2417"]

1.d4 d5 2.Bg5 Nf6 3.e3 c6 4.Bd3 Bg4 5.Ne2 Nbd7 6.f3 Bh5 7.Bf4 Bg6 8.g4 Qb6
9.Nbc3 e6 10.Rb1 c5 11.Bb5 a6 12.Ba4 cxd4 13.exd4 Qd8 14.h4 h6 15.h5 Bh7
16.O-O b5 17.Bb3 Nb6 18.a4 b4 19.a5 Nbd7 20.Na4 Qxa5 21.Ra1 Qd8 22.Ng3 Be7
23.Qd2 O-O 24.Rae1 Kh8 25.Re2 Ng8 26.Rfe1 Rc8 27.Kh1 a5 28.Rg2 Rc6 29.Ne2 Bg5
30.Kg1 Bxf4 31.Nxf4 Qg5 32.Nd3 Qxd2 33.Rxd2 Bxd3 34.Rxd3 Ngf6 35.Rd2 Ne8
36.Rg2 Nd6 37.Kf1 Rfc8 38.Ree2 Nb6 39.Nxb6 Rxb6 40.f4 Nc4 41.Bxc4 Rxc4 42.Rd2 a4
43.Rg3 Rbc6 44.b3 Rc3 45.Rxc3 bxc3 46.Rd1 axb3 47.cxb3 Rb6 48.Rc1 Rxb3 49.Kf2 Kh7
50.Kg2 g6 51.f5 gxf5 52.gxf5 exf5 53.Kf3 Kg7 54.Kf4 Kf6 55.Rxc3 Rb6 56.Rc8 Re6
57.Rh8 Re4+ 58.Kf3 Kg7 59.Rd8 Rxd4 60.Rd6 Rh4 61.Rxd5 Rxh5 62.Rd6 Rh4 63.Kg3 Rg4+
64.Kh3 h5 65.Rc6 f4 66.Rc2 Kg6 67.Ra2 Kg5 68.Ra4 f5 69.Kh2 f3  0-1

[Event "VT Open 2011"]
[Site "Vestmanna FAI"]
[Date "2011.04.03"]
[Round "5"]
[White "Andreasen,Ja"]
[Black "Mikkelsen,Jo"]
[Result "1-0"]
[WhiteElo "1994"]
[BlackElo "1768"]

1.d4 Nf6 2.Bg5 g6 3.Bxf6 exf6 4.Nc3 Bg7 5.e4 d6 6.Nf3 O-O 7.Bd3 Nc6 8.Qd2 f5
9.exf5 Re8+ 10.Kf1 Nxd4 11.Nxd4 Bxd4 12.fxg6 hxg6 13.h4 Bf6 14.h5 Bg5 15.f4 Qf6
16.Nd5 Qd4 17.Nxc7 Bxf4 18.Qc3 Qxc3 19.bxc3 Bg4 20.Nxa8 Rxa8 21.hxg6 Bg3
22.gxf7+ Kxf7 23.Rh7+ Ke6 24.Rxb7 Bh2 25.Re1+ Kd5 26.Be4+ Kc5 27.Rc7+ Kb6
28.Bxa8 Kxc7 29.Re7+ Kb6 30.Rg7  1-0

[Event "FSIM April"]
[Site "Budapest HUN"]
[Date "2011.04.08"]
[Round "7"]
[White "Tran Tuan Minh"]
[Black "Oparin,G"]
[Result "0-1"]
[WhiteElo "2295"]
[BlackElo "2345"]

1.d4 Nf6 2.Bg5 d5 3.Bxf6 exf6 4.e3 Bd6 5.c4 dxc4 6.Bxc4 O-O 7.Nc3 Nd7 8.Nf3 c6
9.Qc2 f5 10.Bd3 g6 11.h4 h5 12.O-O-O Nf6 13.Kb1 a5 14.Ng5 Kg7 15.f3 a4 16.e4 fxe4
17.fxe4 Ng4 18.Qd2 f6 19.Nf3 a3 20.Rhe1 Bg3 21.Re2 axb2 22.Qxb2 Be6 23.d5 Bf7
24.Bc2 Qa5 25.Bb3 c5 26.e5 Bxe5 27.Nxe5 fxe5 28.Ne4 Rad8 29.Ng5 Qc7 30.d6 Rxd6
31.Rxd6 Qxd6 32.Rd2 Bd5 33.a3 Rf1+ 34.Ka2 c4  0-1

[Event "11th European Senior"]
[Site "Courmayeur ITA"]
[Date "2011.04.09"]
[Round "4.29"]
[White "Nickl,K"]
[Black "Frank,Alb"]
[Result "1-0"]
[WhiteElo "2140"]
[BlackElo "1909"]

1.d4 Nf6 2.Bg5 c5 3.Bxf6 gxf6 4.d5 f5 5.c4 Bg7 6.Nc3 d6 7.Qc2 Qa5 8.e3 Nd7
9.Nf3 Nf6 10.Nd2 Ne4 11.Rc1 Nxd2 12.Qxd2 O-O 13.Bd3 a6 14.O-O b5 15.b3 Bxc3
16.Rxc3 bxc4 17.bxc4 Rb8 18.f4 e5 19.e4 f6 20.exf5 Rf7 21.fxe5 dxe5 22.Be4 Rg7
23.Qc2 Bd7 24.Rb3 Rb4 25.Qd2 Qb6 26.Qh6 Rxb3 27.axb3 a5 28.Rf3 Qb4 29.Qc1 Be8
30.d6 Kf8 31.Bd5 Bd7 32.Be6 Bc6 33.Rg3 Rxg3 34.hxg3 Qb7 35.Qh6+  1-0

[Event "10th Weiz City Open"]
[Site "Weiz AUT"]
[Date "2011.04.09"]
[Round "4"]
[White "Birklbauer,T"]
[Black "Veigl,W"]
[Result "1/2-1/2"]
[WhiteElo "2069"]
[BlackElo "2057"]

1.d4 Nf6 2.Bg5 d5 3.Nf3 Ne4 4.h4 Qd6 5.c3 Bf5 6.e3 Nd7 7.Qa4 Qb6 8.b3 c6
9.Be2 e6 10.Nfd2 h5 11.Nxe4 Bxe4 12.f3 Bg6 13.Bf4 Be7 14.Nd2 Qd8 15.g3 a6
16.b4 b5 17.Qb3 Nb6 18.Kf2 a5 19.a3 Bf5 20.e4 a4 21.Qd1 Bg6 22.Qg1 Kd7 23.Rd1 Kc8
24.Kg2 Kb7 25.Qe3 Qd7 26.Rhe1 Rae8 27.Kh2 Bd6 28.Bxd6 Qxd6 29.e5 Qd8 30.f4 Bf5
31.Rf1 Reg8 32.Bd3 g6 33.Be2 Qe7 34.Nf3 Bg4 35.Rde1 Rf8 36.Bd3 Qd7  1/2-1/2

[Event "13th Dubai Open"]
[Site "Dubai UAE"]
[Date "2011.04.12"]
[Round "3"]
[White "Ilhomzoda,I"]
[Black "Malakhatko,V"]
[Result "1-0"]
[WhiteElo "2184"]
[BlackElo "2546"]

1.d4 Nf6 2.Bg5 c5 3.Bxf6 gxf6 4.d5 Qb6 5.Qc1 f5 6.c3 Qh6 7.e3 Bg7 8.c4 O-O
9.Nc3 Na6 10.g3 Nc7 11.Nge2 Rb8 12.a4 a6 13.Bg2 b5 14.a5 d6 15.O-O Bd7 16.cxb5 axb5
17.Nf4 Ra8 18.e4 fxe4 19.Nxe4 b4 20.h4 Nb5 21.Ng5 Bf6 22.Be4 Bxg5 23.hxg5 Qxg5
24.Kg2 f5 25.Bd3 Nd4 26.Qe3 Rfe8 27.Rh1 e5 28.Rh5 Qf6 29.Nh3 e4 30.Bc4 Nc2
31.Qg5+ Qxg5 32.Rxg5+ Kf8 33.Rc1 Nd4 34.a6 Re7 35.Nf4 Bc8 36.Rh1 Bxa6 37.Bxa6 Rxa6
38.Rh6 Rf7 39.Ne6+ Ke7 40.Nxc5 Ra1 41.Ne6 Nf3 42.Rgh5 Rg1+ 43.Kh3 Rh1+ 44.Kg2 Rxh5
45.Rxh5 Kf6 46.Rh6+ Ke5 47.Nd8 Rc7 48.Nc6+ Kxd5 49.Nxb4+ Kd4 50.Rh1 Ne5 51.Rd1+ Nd3
52.Rd2 Rc1 53.Kh2 Rc4 54.Nc2+ Ke5 55.Ne3 Rc5 56.b3 d5 57.Ra2 h5 58.Kh3 f4
59.gxf4+ Nxf4+ 60.Kh4 Rc1 61.Ra8 Rh1+ 62.Kg5 Rg1+ 63.Kh4 d4 64.Re8+ Ne6 65.Nc4+ Kf4
66.Kh3 Ng5+ 67.Kh2 Nf3+ 68.Kh3 Re1 69.Rf8+ Kg5 70.Rg8+ Kf6 71.Rf8+ Kg7 72.Re8 d3
73.Rd8 Kf6 74.b4 Rc1 75.Ne3 d2 76.b5 Rb1 77.b6 Ke7 78.Rd5 Rxb6 79.Rxh5  1-0

[Event "11th European Senior"]
[Site "Courmayeur ITA"]
[Date "2011.04.13"]
[Round "8.20"]
[White "Nickl,K"]
[Black "Zhelesny,S"]
[Result "1/2-1/2"]
[WhiteElo "2140"]
[BlackElo "2172"]

1.d4 Nf6 2.Bg5 d5 3.Bxf6 exf6 4.e3 Bd6 5.g3 c6 6.Bg2 Bf5 7.Nd2 O-O 8.Ne2 Re8
9.O-O Qc8 10.Re1 Bh3 11.Nf4  1/2-1/2

[Event "13th Dubai Open"]
[Site "Dubai UAE"]
[Date "2011.04.13"]
[Round "4"]
[White "Ilhomzoda,I"]
[Black "Ashwin,J"]
[Result "0-1"]
[WhiteElo "2184"]
[BlackElo "2439"]

1.d4 Nf6 2.Bg5 c5 3.Bxf6 gxf6 4.d5 Qb6 5.Qc1 f5 6.c4 Bh6 7.e3 d6 8.Nc3 Nd7
9.Nh3 Ne5 10.Be2 Bd7 11.Nf4 a6 12.Qc2 Qa5 13.O-O b5 14.cxb5 axb5 15.Nh5 O-O
16.f4 Ng6 17.Bd3 b4 18.Ne2 b3 19.axb3 Qb4 20.Neg3 Nh4 21.Bxf5 Nxf5 22.Nxf5 Bxf5
23.Qxf5 Qxb3 24.Qe4 Qb7 25.Rae1 Ra2 26.Re2 Rfa8 27.Rf3 Kh8 28.h3 Rg8 29.Rg3 Rg6
30.f5 Rxg3 31.Nxg3 Bg7 32.f6 Bxf6 33.Rf2 Ra1+ 34.Kh2 Ra8 35.Rf5 Rg8 36.Nh5 Be5+
37.Nf4 Rg7 38.Rxe5 dxe5 39.Qxe5 f6 40.Qe6 Qxb2 41.Qc8+ Rg8 42.Qxc5 Qe5 43.Qa3 Rc8
44.Kg1 Kg8 45.d6 Qxd6 46.Qb3+ Kh8 47.Qf7 Qe5 48.Kf2 Qe4 49.Qe6 Rc2+ 50.Kf1 Rc1+
51.Kf2 Rc2+ 52.Kf1 Qxe6 53.Nxe6 Kg8 54.Nd4 Ra2 55.Ne2 Kf7 56.Kf2 f5 57.g4 Kf6
58.gxf5 Kxf5 59.Kf3 Rxe2 60.Kxe2 Ke4 61.Kf2 Kd3 62.Kf3 e5 63.h4 h5 64.e4 Kd4
65.Kf2 Kxe4  0-1

[Event "Chinese League"]
[Site "Ningbo CHN"]
[Date "2011.04.14"]
[Round "3"]
[White "Hoang Thi Bao Tram"]
[Black "Xu Tong"]
[Result "1-0"]
[WhiteElo "2311"]
[BlackElo "2217"]

1.d4 Nf6 2.Bg5 g6 3.Nc3 Bg7 4.e4 h6 5.Bf4 d6 6.f3 c6 7.Qd2 b5 8.Nge2 Nfd7
9.Ng3 h5 10.Be2 h4 11.Nf1 Nb6 12.h3 N8d7 13.a3 Nc4 14.Bxc4 bxc4 15.Ne3 Ba6
16.d5 c5 17.O-O Rb8 18.Rab1 Qa5 19.Ned1 Bf6 20.Bg5 Be5 21.Be3 Bf6 22.Kh1 Rh5
23.f4 Kf8 24.Qe2 Kg7 25.Bd2 Bd4 26.Ne3 Rhh8 27.Rfe1 Qd8 28.Qf3 Nf6 29.Ncd1 Nh5
30.c3 Ng3+ 31.Kh2 Bf6 32.Ng4 e6 33.Nde3 Be7 34.b4 f5 35.Nf2 Bb7 36.exf5 gxf5
37.Rbd1 Bf6 38.Bc1 cxb4 39.cxb4 c3 40.Nh1 Kh6 41.Nxg3 hxg3+ 42.Qxg3 Bh4 43.Nxf5+ exf5
44.Re6+  1-0

[Event "RAC Centenary Simul"]
[Site "London ENG"]
[Date "2011.04.16"]
[Round "1"]
[White "Hodgson,Ju"]
[Black "Gant,C"]
[Result "0-1"]
[WhiteElo "2609"]
[BlackElo "2195"]

1.d4 Nf6 2.Bg5 c5 3.d5 Qb6 4.Nc3 h6 5.Bd2 d6 6.e4 Nbd7 7.f4 g6 8.Nf3 Bg7
9.e5 dxe5 10.fxe5 Ng4 11.Bb5 Nxe5 12.Nxe5 Bxe5 13.O-O Bg7 14.Qe2 Qd8 15.Rae1 O-O
16.Qxe7 a6 17.Bxd7 Bxd7 18.Qxc5 Bf5 19.d6 Rc8 20.Qd5 Rc6 21.Bf4 Qb6+ 22.Kh1  0-1

[Event "13th Dubai Open"]
[Site "Dubai UAE"]
[Date "2011.04.17"]
[Round "8"]
[White "Anastasian,A"]
[Black "Sai,KG"]
[Result "1-0"]
[WhiteElo "2556"]
[BlackElo "2349"]

1.d4 Nf6 2.Bg5 c5 3.Bxf6 gxf6 4.d5 Qb6 5.Qc1 Bg7 6.c4 f5 7.Nc3 d6 8.e3 Nd7
9.Be2 Nf6 10.Qc2 Bd7 11.Bd3 e6 12.Nf3 O-O-O 13.O-O Ng4 14.a3 Rdg8 15.Rab1 Qa6
16.b4 Qxa3 17.Rb3 Qa6 18.bxc5 dxc5 19.Rfb1 Ne5 20.Nxe5 Bxe5 21.Nb5 Qb6 22.Qa2 a6
23.Nd4 Qc7 24.Nf3 Bf6 25.g3 exd5 26.cxd5 c4 27.Rxb7 Qxb7 28.Rxb7 Kxb7 29.Bxc4 Ra8
30.d6 Kb6 31.Bxf7 a5 32.Qb3+ Kc5 33.Qd5+ Kb6 34.Nd2 Bb5 35.Nc4+ Bxc4 36.Qxc4 a4
37.Bd5 Rad8 38.Qb4+ Ka6 39.Bc4+  1-0

[Event "ch-BLR Junior"]
[Site "Minsk BLR"]
[Date "2011.04.18"]
[Round "4"]
[White "Harshkou,M"]
[Black "Meribanov,V"]
[Result "0-1"]
[WhiteElo "2232"]
[BlackElo "2273"]

1.d4 Nf6 2.Bg5 c5 3.Bxf6 gxf6 4.d5 Qb6 5.Qc1 f5 6.c4 Bg7 7.Nc3 d6 8.e3 Nd7
9.Qd2 Nf6 10.Bd3 Ne4 11.Bxe4 fxe4 12.Nge2 Rg8 13.O-O Qb4 14.Nxe4 Qxd2 15.Nxd2 Bxb2
16.Rab1 Bh8 17.e4 Rb8 18.f4 Bd7 19.Rf3 Kd8 20.Ra3 Kc7 21.Rxa7 Bg4 22.Ng3 Bd4+
23.Kf1 Be3 24.Nb3 Ra8 25.Rxa8 Rxa8 26.h3 Bxf4 27.hxg4 Bxg3 28.Rb2 Be5 29.Rf2 f6
30.g5 fxg5 31.g4 Ra4 32.Rc2 b5 33.Nd2 Bf4 34.cxb5 Bxd2 35.Rxd2 Kb6 36.Re2 Kxb5
37.Kf2 Kc4 38.Rd2 Ra3  0-1

[Event "Joao Braga Open"]
[Site "Sao Paolo BRA"]
[Date "2011.04.21"]
[Round "3.31"]
[White "Lapertosa,J"]
[Black "Gotz,K"]
[Result "0-1"]
[WhiteElo "2142"]
[BlackElo "1862"]

1.d4 Nf6 2.Bg5 g6 3.Nc3 d5 4.e3 Bg7 5.Bd3 O-O 6.Nge2 Nbd7 7.e4 dxe4 8.Nxe4 Nxe4
9.Bxe4 Nf6 10.Bf3 c6 11.c3 Re8 12.O-O Bg4 13.Ng3 Bxf3 14.Qxf3 Qd5 15.Qxd5 cxd5
16.a4 e6 17.Rfe1 Rec8 18.f3 b6 19.Nh1 a6 20.Nf2 b5 21.Bxf6 Bxf6 22.Nd3 Be7
23.Rec1 Kf8 24.b4 Ke8 25.Nc5 Bxc5 26.bxc5 Kd7 27.Rcb1 Kc6 28.Rb4 Rcb8 29.Rab1 Rb7
30.Kf2 Raa7 31.a5 Re7 32.Re1 Ra8 33.Rb2 Rae8 34.f4 h5 35.Re3 Rh8 36.g3 Ree8
37.Kf3 Reg8 38.Re5 Kd7 39.h3 Rh7 40.Rbe2 Rgh8 41.R5e3 Rg8 42.Re5 Rgh8 43.Ke3 f6  0-1